Devotion / (Record no. 143567)

MARC details
000 -LEADER
fixed length control field 00702nam a22002057a 4500
005 - DATE AND TIME OF LATEST TRANSACTION
control field 20170818160915.0
010 ## - LCCN (DPL NO)
LC control number ENG-119737
020 ## - INTERNATIONAL STANDARD BOOK NUMBER
International Standard Book Number 9789383516186
Terms of availability 150.00
035 ## - SYSTEM CONTROL NUMBER
System control number EN-103269
037 ## - SOURCE OF ACQUISITION
Source of stock number/acquisition DBAD/PUB
082 ## - DEWEY DECIMAL CLASSIFICATION NUMBER
Classification number 181.49
245 ## - TITLE STATEMENT
Title Devotion /
Statement of responsibility, etc compilation supervised by Ferdinand Wulliemier
260 ## - PUBLICATION, DISTRIBUTION, ETC. (IMPRINT)
Place of publication, distribution, etc Shahjahanpur
Name of publisher, distributor, etc Shri Ram Chandra Mission
Date of publication, distribution, etc 2014
260 ## - PUBLICATION, DISTRIBUTION, ETC. (IMPRINT)
Place of publication, distribution, etc Kolkata
Name of publisher, distributor, etc Spiritual Hierarchy Publication Trust
Date of publication, distribution, etc 2014
270 ## - ADDRESS
Address Spiritual Hierarchy Publication Trust
City Kolkata
Postal code 700027
300 ## - PHYSICAL DESCRIPTION
Extent xiv,243p. :
Dimensions 23cm(Hb)
Other physical details ill.(col.)
490 ## - SERIES STATEMENT
Series statement Sahaj marg educational series volume 8
700 ## - ADDED ENTRY--PERSONAL NAME
Personal name Wulliemier, Ferdinand
942 ## - ADDED ENTRY ELEMENTS (KOHA)
Source of classification or shelving scheme Dewey Decimal Classification
Item type English Books
Classification part 181.49
Call number suffix DEV
Holdings
Withdrawn status Lost status Not for loan Collection code Home library Current library Date acquired Source of acquisition Cost, normal purchase price Full call number Barcode Copy number Cost, replacement price Koha item type
      Non-fiction Patel Nagar Patel Nagar 18/08/2017 DBAD/PUB 150.00 181.49 DEV EN-103269 1 150.00 English Books

© Delhi Public Library
Hit Counter
free hit counter